Prostitution and beyond : (Record no. 14688)

MARC details
000 -LEADER
fixed length control field 02376nam a22004337a 4500
005 - DATE AND TIME OF LATEST TRANSACTION
control field 20080602201102.0
008 - FIXED-LENGTH DATA ELEMENTS--GENERAL INFORMATION
fixed length control field 080730t xxu||||| |||| 00| 0 eng d
010 ## - LCCN (DPL NO)
LC control number ENG-90646 B-317321-322
020 ## - INTERNATIONAL STANDARD BOOK NUMBER
International Standard Book Number 9780761936381 (paper back)
Terms of availability 395.00
020 ## - INTERNATIONAL STANDARD BOOK NUMBER
International Standard Book Number 9788178297842 (paper back-India)
Terms of availability 395.00
035 ## - SYSTEM CONTROL NUMBER
System control number EN-74179
035 ## - SYSTEM CONTROL NUMBER
System control number B-317321-322
035 ## - SYSTEM CONTROL NUMBER
System control number B-359152
037 ## - SOURCE OF ACQUISITION
Source of stock number/acquisition DBAD / PUB
037 ## - SOURCE OF ACQUISITION
Source of stock number/acquisition Pansy Books
040 ## - CATALOGING SOURCE
Original cataloging agency dpl
Language of cataloging English
082 ## - DEWEY DECIMAL CLASSIFICATION NUMBER
Classification number 306.740954
245 ## - TITLE STATEMENT
Title Prostitution and beyond :
Remainder of title an analysis of sex work in India /
Statement of responsibility, etc edited by Rohini Sahni, V Kalyan Shankar [and] Hemant Apte
260 ## - PUBLICATION, DISTRIBUTION, ETC. (IMPRINT)
Place of publication, distribution, etc New Delhi
Name of publisher, distributor, etc SAGE Publications
Date of publication, distribution, etc 2008
270 ## - ADDRESS
Address B1/I-1, Mohan Cooperative Industrial Area, Mathura Road
City New Delhi
Postal code 110044
300 ## - PHYSICAL DESCRIPTION
Extent 369p.
Dimensions 22cm(pbk)
500 ## - GENERAL NOTE
General note Includes bibliographical references and index.
650 ## - SUBJECT ADDED ENTRY--TOPICAL TERM
Topical term or geographic name as entry element Prostitution
General subdivision Social aspects
Geographic subdivision India.
650 ## - SUBJECT ADDED ENTRY--TOPICAL TERM
Topical term or geographic name as entry element Prostitution
General subdivision Economic aspects
Geographic subdivision India.
650 ## - SUBJECT ADDED ENTRY--TOPICAL TERM
Topical term or geographic name as entry element Prostitution
General subdivision Health aspects
Geographic subdivision India.
650 ## - SUBJECT ADDED ENTRY--TOPICAL TERM
Topical term or geographic name as entry element Prostitutes
General subdivision Social conditions
Geographic subdivision India.
650 ## - SUBJECT ADDED ENTRY--TOPICAL TERM
Topical term or geographic name as entry element Women
General subdivision Social conditions
Geographic subdivision India.
650 ## - SUBJECT ADDED ENTRY--TOPICAL TERM
Topical term or geographic name as entry element Sex-oriented businesses
Geographic subdivision India.
700 ## - ADDED ENTRY--PERSONAL NAME
Personal name Sahni, Rohini
700 ## - ADDED ENTRY--PERSONAL NAME
Personal name Shankar, V. Kalyan
700 ## - ADDED ENTRY--PERSONAL NAME
Personal name Apte, Hemant
942 ## - ADDED ENTRY ELEMENTS (KOHA)
Source of classification or shelving scheme Dewey Decimal Classification
Item type English Books
Classification part 306.740954
Call number suffix PRO
Holdings
Withdrawn status Lost status Damaged status Not for loan Collection code Home library Current library Date acquired Source of acquisition Cost, normal purchase price Total Checkouts Full call number Barcode Date last seen Copy number Cost, replacement price Koha item type Source of classification or shelving scheme Total Renewals
      Not For Loan Non-fiction D.B.Act.Division D.B.Act.Division 30/07/2008 DBAD / PUB 395.00   306.740954 PRO EN-74179 15/09/2008 1 395.00 English Books    
        Non-fiction Janak Puri Janak Puri 01/10/2009 Pansy Books/942/29.9.09/92/4.9.09/29.9.09 395.00 19 306.740954 PRO B-359152 15/05/2017 1 395.00 English Books Dewey Decimal Classification 2
        Non-fiction Shahdara Branch Shahdara Branch 13/05/2009 Aakar Books/I-1112/4.2.09/260/12.12.08/12.2.09 395.00 3 306.740954 PRO B-317321 05/07/2025 1 395.00 English Books Dewey Decimal Classification 1
        Non-fiction Shahdara Branch Shahdara Branch 13/05/2009 Aakar Books/I-1112/4.2.09/260/12.12.08/12.2.09 395.00   306.740954 PRO B-317322 13/05/2009 1 395.00 English Books Dewey Decimal Classification  

© Delhi Public Library
Hit Counter
free hit counter